| 000 | 00537nam a22001697a 4500 | ||
|---|---|---|---|
| 003 | AUA.1 | ||
| 005 | 20251118181742.0 | ||
| 008 | 250701b |||||||| |||| 00| 0 eng d | ||
| 040 | _cJTL | ||
| 100 | _aSivili, Arve S. | ||
| 245 |
_aAn exegetical study of Deuteronomy 22:5 : _bThe meaning of garment fit for each gender / _cArve S. Sivili. |
||
| 260 | _cc2024. | ||
| 300 |
_ax, 91 leaves : _bIllustrations : _c30cm. |
||
| 650 | _aClothing and dress | ||
| 690 | _aDeuteronomy 22:5 | ||
| 942 |
_2aua _cPROJECT _hMABTS _i.A78 2024 |
||
| 999 |
_c25136 _d25136 |
||